Histoire en images - D - Statistiques

Statistiques générales
  • Ce quiz a été pris 572 fois
  • Le résultat moyen est 13 sur 18
Statistiques - réponses
Par images Hint Réponse % Correct
Producteur Walt Disney
97%
Aristocrate Lady Diana
93%
Peintre Salvador Dalí
93%
Espèce éteinte Dodo
90%
Roi Dagobert Ier
85%
Ville Dallas
83%
Divinité Dionysos
75%
Acteur Alain Delon
74%
Opération militaire Débarquement de Normandie
74%
Texte fondamental Déclaration des droits de l'homme et du citoyen
73%
Naturaliste Charles Darwin
70%
Peintre Eugène Delacroix
69%
Monument de pierre Dolmen
68%
Personnage biblique David
59%
Palais vénitien Palais des {Doges}
55%
Capitale des Omeyyades Damas
40%
Cité de la Pythie Delphes
38%
Village Domrémy-la-Pucelle
34%
Aucun quiz correspondant
Distribution des résultats
% des personnes avec chaque résultat
Percentile par nombre de réponses
Votre historique - résultats
Vous n’avez pas pris ce quiz